MARC

LEADER 00000nam0a2200000 4500
001 254206
005 20250211063206.0
035 |a (RuTPU)RU\TPU\book\276637 
035 |a RU\TPU\book\276634 
090 |a 254206 
100 |a 20140319d1989 k y0rusy50 ca 
101 0 |a rus 
102 |a RU 
105 |a a z 001zy 
200 1 |a Исследование и расчет электромеханических преобразователей энергии  |e сборник научных трудов  |f Московский энергетический институт ; гл. ред. И. П. Копылов 
210 |a Москва  |c Изд-во МЭИ  |d 1989 
215 |a 148 с.  |c ил. 
225 1 |a Научные труды [МЭИ]  |v № 196 
320 |a Библиография в конце статей 
500 1 0 |a Труды Московского энергетического института  |9 88841 
606 1 |a Электромеханические преобразователи  |2 stltpush  |3 (RuTPU)RU\TPU\subj\60427  |9 77739 
610 1 |a электрические машины 
610 1 |a электромагнитные процессы 
610 1 |a асинхронные двигатели 
610 1 |a магнитные вибрации 
610 1 |a колебания 
610 1 |a ЭВМ 
610 1 |a ЭВМ-моделирование 
675 |a 621.314  |v 3 
702 1 |a Копылов  |b И. П.  |4 651 
712 0 2 |a Московский энергетический институт (МЭИ)  |c (1930-1992)  |3 (RuTPU)RU\TPU\col\20092 
801 1 |a RU  |b 63413507  |c 20120625 
801 2 |a RU  |b 63413507  |c 20170502  |g RCR 
942 |c BK